000 00838nam a22002057a 4500
999 _c19098
_d19098
003 AR-CdUCM
008 190506b ||||| |||| 00| 0 spa d
040 _aMUNICIPALIDAD PROVINCIAL DEL CUSCO
_cBIBLIOTECA MUNICIPAL DEL CUSCO
082 _a621.436 /
_bL24
100 _aLapieza Cabral, Angel
_936489
245 _aEl motor diesel :
_bTeoría funcionamiento y conservación /
260 _aBuenos Aires :
_bHobby C. e I.,
_c1960..
300 _a219 páginas ;
_bfiguras, tablas,
_c24 cm.
505 _aContenido: Nociones básicas -- El calor -- Diesel 4 tiempos -- El calor (continuación) -- Diesel de 4 tiempos (continuación) -- Lubricación y enfriado -- El funcionamiento ...
650 _aMotores Diesel
_936490
650 _aMecánica
_918682
650 _aIngenieria
_910043
942 _2ddc
_cLIBROS
945 _awnts
_d2019-05-16